|
|
|
|
| LEADER |
00000cam a22000004a 4500 |
| 001 |
musev2_41284 |
| 003 |
MdBmJHUP |
| 005 |
20230905044328.0 |
| 006 |
m o d |
| 007 |
cr||||||||nn|n |
| 008 |
100702s1990 cou o 00 0 eng d |
| 020 |
|
|
|a 9781573668583
|
| 020 |
|
|
|z 9780932511355
|
| 020 |
|
|
|z 9780932511362
|
| 035 |
|
|
|a (OCoLC)645792207
|
| 040 |
|
|
|a MdBmJHUP
|c MdBmJHUP
|
| 100 |
1 |
|
|a Glancy, Diane.
|
| 245 |
1 |
0 |
|a Trigger Dance /
|c by Diane Glancy.
|
| 250 |
|
|
|a 1st ed.
|
| 264 |
|
1 |
|a Boulder :
|b Fiction Collective Two,
|c 1990.
|
| 264 |
|
3 |
|a Baltimore, Md. :
|b Project MUSE,
|c 2016
|
| 264 |
|
4 |
|c ©1990.
|
| 300 |
|
|
|a 1 online resource (137 pages).
|
| 336 |
|
|
|a text
|b txt
|2 rdacontent
|
| 337 |
|
|
|a computer
|b c
|2 rdamedia
|
| 338 |
|
|
|a online resource
|b cr
|2 rdacarrier
|
| 505 |
0 |
0 |
|t Anadarko pow wow --
|t Aunt Parnetta's electric blisters --
|t Keyo --
|t Trying on the hat --
|t Broken spell --
|t A sense of continuity and presence --
|t Yote u ey --
|t The voluble rap --
|t Holation --
|t Regretfully --
|t The orchard --
|t In this mission school --
|t Trigger dance.
|
| 588 |
|
|
|a Description based on print version record.
|
| 650 |
|
7 |
|a Indians of North America.
|2 fast
|0 (OCoLC)fst00969633
|
| 650 |
|
7 |
|a FICTION
|x General.
|2 bisacsh
|
| 650 |
|
0 |
|a Indians of North America
|v Fiction.
|
| 655 |
|
7 |
|a Fiction.
|2 fast
|0 (OCoLC)fst01423787
|
| 655 |
|
7 |
|a Electronic books.
|2 local
|
| 710 |
2 |
|
|a Project Muse.
|e distributor
|
| 830 |
|
0 |
|a Book collections on Project MUSE.
|
| 856 |
4 |
0 |
|z Texto completo
|u https://projectmuse.uam.elogim.com/book/41284/
|
| 945 |
|
|
|a Project MUSE - Custom Collection
|
| 945 |
|
|
|a Project MUSE - Archive Complete Supplement IV
|
| 945 |
|
|
|a Project MUSE - Archive Poetry, Fiction and Creative Non-Fiction Supplement IV
|